000 00890cam a2200229 4500
001 ABS62643
008 000000n2000 000 0 eng u
035 _a(Sirsi) u107201
100 _aTanney, A.
245 _aRules have limited appeal
260 _c2000
490 _aProperty Week
_v65(25) 64-65(2)
520 _aA recent ruling in "Tanfern Ltd v Cameron-Macdonald" has helped clarify the new Civil Procedure Rules part 2 concerning appeals. Lord Justice Brooke gave guidance on questions such as to which court an appeal should be made, when permission to appeal would be given and what the approach from appellate court would be in deciding an appeal.
590 _aABS
650 _aINTERFERENCE
650 _aCIVIL PROCEDURE RULES 1998
650 _aTANFERN LTD V CAMERON-MACDONALD
650 _aAPPEALS
650 _aAPPEAL PROCEDURE
690 _aLAW
942 _n0
999 _c64088
_d64088